Estudio de la sonoinversión y sus resultados (Record no. 47163)

MARC details
000 -LEADER
campo de control de longitud fija 00622nam a2200181 i 4500
001 - NÚMERO DE CONTROL
campo de control 47163
003 - IDENTIFICADOR DE NÚMERO DE CONTROL
campo de control ES-MaACL
005 - FECHA Y HORA DE LA ÚLTIMA TRANSACCIÓN
campo de control 20230906161520.0
007 - CAMPO FIJO DE DESCRIPCIÓN FÍSICA--INFORMACIÓN GENERAL
campo de control de longitud fija t|
008 - DATOS DE LONGITUD FIJA--INFORMACIÓN GENERAL
campo de control de longitud fija 030404s1961 sp ||||1| spa d
100 1# - ENTRADA PRINCIPAL--NOMBRE DE PERSONA
Nombre de persona Consuegra Urrutia, José Ricardo.
9 (RLIN) 40255
245 10 - MENCIÓN DEL TÍTULO
Título Estudio de la sonoinversión y sus resultados
Resto del título : memoria /
Mención de responsabilidad, etc. José Ricardo Consuegra Urrutia.
260 ## - PUBLICACIÓN, DISTRIBUCIÓN, ETC.
Lugar de publicación, distribución, etc. Salamanca :
Nombre del editor, distribuidor, etc. [s.n.,
Fecha de publicación, distribución, etc. 1961]
300 ## - DESCRIPCIÓN FÍSICA
Extensión 96 p. ;
Dimensiones 25 cm.
500 ## - NOTA GENERAL
Nota general Precede al tít.: Facultad de Medicina de Salamanca.
710 00 - ENTRADA AGREGADA--NOMBRE DE ENTIDAD CORPORATIVA
Nombre de entidad corporativa o nombre de jurisdicción como elemento de entrada Universidad de Salamanca.
Unidad subordinada Facultad de Medicina.
9 (RLIN) 7286
852 ## - LOCALIZACIÓN
Ubicación ES-MaACL
Número de control de estantería C-20417
Sublocalización o colección R.48690
Holdings
Estatus retirado Estado de pérdida Estado de daño No para préstamo Biblioteca de origen Biblioteca actual Ubicación en estantería Fecha de adquisición Fuente de adquisición Total de préstamos Signatura topográfica completa Código de barras Visto por última vez Precio de reemplazo Tipo de ítem Koha
        Biblioteca del Ateneo de Madrid Biblioteca del Ateneo de Madrid Galería 17/01/2008     C-20417 1049607 23/02/2023 23/02/2023 Libro impreso